Magazín ČSN Odborný časopis pro technickou normalizaci, certifikaci a jakost

Saved in:
Bibliographic Details
Format: Serial
Language:Czech
Published: Praha Vydavatelství norem 1991
Subjects:
Tags: Add Tag
No Tags, Be the first to tag this record!

MARC

LEADER 00000nas2a2200000 4500
001 s015256
005 20231129142453.9
022 |a 0862-7932 
041 0 |a cze 
044 |a CZ 
245 1 0 |a Magazín ČSN  |b Odborný časopis pro technickou normalizaci, certifikaci a jakost 
264 1 |a Praha  |b Vydavatelství norem  |c 1991 
300 |a 1 zv. 
773 0 |w eu_un_cat*s120409 
610 2 0 |a normy 
610 2 0 |a štandardizácia